| 000 | 00963 a2200241 4500 | ||
|---|---|---|---|
| 003 | Nust | ||
| 005 | 20170207164553.0 | ||
| 010 | _a 2002027225 | ||
| 020 | _a0471218766 (cloth : alk. paper) | ||
| 040 | _cNust | ||
| 082 | 0 | 0 | _a621.382/4/0113 |
| 100 | 1 | _aMakarov, Sergey N. | |
| 245 | 1 | 0 |
_aAntenna and EM modeling with Matlab /(E Book) _cSergey N. Makarov. |
| 260 |
_aNew York : _bWiley-Interscience, _cc2002. |
||
| 300 |
_axiii, 273 p. : _bill. ; _c25 cm. + _e1 CD-ROM (4 3/4 in.) |
||
| 500 | _aE Book | ||
| 650 | 0 |
_aAntennas (Electronics) _xComputer simulation. |
|
| 650 | 0 |
_aElectromagnetic waves _xComputer simulation. |
|
| 650 | 0 | _aTelecommunication engineering. | |
| 856 | 4 | 2 |
_3Contributor biographical information _uhttp://www.loc.gov/catdir/bios/wiley044/2002027225.html |
| 856 | 4 | 2 |
_3Publisher description _uhttp://www.loc.gov/catdir/description/wiley036/2002027225.html |
| 856 | 4 | 2 |
_3Table of contents _uhttp://www.loc.gov/catdir/toc/wiley023/2002027225.html |
| 942 |
_2ddc _cBK |
||
| 999 |
_c209368 _d209368 |
||